Discurso pronunciado por el conde de San Luis en el Congreso de los Diputados el 9 de junio de 1866 contra el proyecto de las siete autorizaciones : (Record no. 164509)

MARC details
000 -LEADER
campo de control de longitud fija 00849nam a22001815i 4500
001 - NÚMERO DE CONTROL
campo de control 164509
003 - IDENTIFICADOR DE NÚMERO DE CONTROL
campo de control ES-MaACL
005 - FECHA Y HORA DE LA ÚLTIMA TRANSACCIÓN
campo de control 20230906212942.0
008 - DATOS DE LONGITUD FIJA--INFORMACIÓN GENERAL
campo de control de longitud fija 940615s1866 sp |||| | spa d
100 1# - ENTRADA PRINCIPAL--NOMBRE DE PERSONA
Nombre de persona Sartorius, Luis José
Títulos y otros términos asociados al nombre Conde de San Luis.
9 (RLIN) 219521
245 10 - MENCIÓN DEL TÍTULO
Título Discurso pronunciado por el conde de San Luis en el Congreso de los Diputados el 9 de junio de 1866 contra el proyecto de las siete autorizaciones :
Resto del título con los comentarios de la prensa política de Madrid.
260 ## - PUBLICACIÓN, DISTRIBUCIÓN, ETC.
Lugar de publicación, distribución, etc. Madrid :
Nombre del editor, distribuidor, etc. [s.n.],
Fecha de publicación, distribución, etc. 1866 (
Fabricante Imp. de Manuel Tello.)
300 ## - DESCRIPCIÓN FÍSICA
Extensión 66 p. ;
Dimensiones 22 cm.
710 1# - ENTRADA AGREGADA--NOMBRE DE ENTIDAD CORPORATIVA
Nombre de entidad corporativa o nombre de jurisdicción como elemento de entrada España.
Unidad subordinada Cortes Generales.
-- Congreso.
9 (RLIN) 3671
852 4# - LOCALIZACIÓN
Ubicación ES-MaACL
Número de control de estantería T-70-F-9
Nota libre - Enc. hol.
-- - Enc. en un vol. facticio
852 4# - LOCALIZACIÓN
Ubicación ES-MaACL
Número de control de estantería T-85-F-17
Nota libre - Enc. hol., falto de cub. original
-- - Enc. en un vol. facticio
Holdings
Estatus retirado Estado de pérdida Estado de daño No para préstamo Colección Biblioteca de origen Biblioteca actual Ubicación en estantería Fecha de adquisición Total de préstamos Signatura topográfica completa Código de barras Visto por última vez Precio de reemplazo Tipo de ítem Koha
        Colección de folletos Biblioteca del Ateneo de Madrid Biblioteca del Ateneo de Madrid Depósito folletos 18/09/2013   T-85-F-17 1191846 23/02/2023 23/02/2023 Folleto
        Colección de folletos Biblioteca del Ateneo de Madrid Biblioteca del Ateneo de Madrid Depósito folletos 17/01/2008   T-70-F-9 1172444 23/02/2023 23/02/2023 Folleto